| 000 | 01051cam a22001814a 4500 | ||
|---|---|---|---|
| 005 | 20250605164348.0 | ||
| 008 | 250528s ||||||||||||||||||||||||d | ||
| 035 | _a23962 | ||
| 040 |
_aGR-AtMCL _bgre _dGR-AtMCL _eAACR2 |
||
| 245 | 1 | _aΘέλουμε Έναν Καλύτερο Κόσμο και Δουλεύουμε Γι'Αυτό / Coca-Cola Hellas | |
| 260 | _c2018 | ||
| 520 | _aΣτην Coca-Cola Θέλουμε έναν Διαφορετικό και Καλύτερο Κόσμο και Δουλεύουμε Γι'αυτό, Δράσεις ΕΚΕ στον 'Στίβο' του Αθλητισμού, Με το Mercedes Me Τοποθετούμε τον Πελάτη στο Επίκεντρο, Η Δημιουργικότητα με 'Έσωσε' Πολλές Φορές, Επικοινωνία με Δυνατά Μηνύματα Ζωής, Παγκόσμια Πρεμιέρα στην Ελλάδα. | ||
| 700 | 1 |
_aΜπούσιας Μιχάλης Κ _99357 |
|
| 942 | _cCR | ||
| 710 | 2 |
_aThe Marketing Week _99825 |
|
| 999 |
_c8873 _d8873 |
||